00440 2200193 4500001002100000005001500021008004100036020001800077035001900095041000700114082000800121090001400129100002000143245001600163260001600179300002000195500001000215650002100225INLIS00000000000402720241224112832241224||||||||| | ||| |||| || |  a979-433-380-8 0010-1224004027 aid0 a813 a813 GAA g0 aJostein Gaarder00aGadis Jeruk bMizanc2005 a242 hlm.;19 cm. aCet.1 0aImu Kesusastraan